| 000 | 01250nam a22002657a 4500 | ||
|---|---|---|---|
| 001 | 49045 | ||
| 003 | UA-OsUOA | ||
| 005 | 20230913111212.0 | ||
| 007 | ta | ||
| 008 | 20070917b un ||||| |||| 00| 0 ukr d | ||
| 020 | _a9785932952733 | ||
| 040 |
_aUA-OsUOA _brus _cUA-OsUOA _dUA-OsUOA |
||
| 041 | _arus | ||
| 080 | _a343.13(470) | ||
| 090 |
_a343.13(470) _bА46 |
||
| 100 | _aАлександрова Л. А. | ||
| 245 |
_aПубличность как основание уголовно-процессуального права _bмонография |
||
| 260 |
_aМ. _bЮрлитинформ _c2007 |
||
| 300 | _a144 с. | ||
| 520 | 3 | _aОглавление1. Идея публичности как основа возникновения и развития уголовного процесса2. Соотношение публичности и диспозитивности в современном уголовном процессе3. Феномен публичности уголовного судопроизводства | |
| 650 | 7 |
_a343 Кримінальне право. Карні порушення _2UDC |
|
| 942 |
_cBK _2udc |
||
| 955 | _a2 | ||
| 999 |
_c335159 _d335159 |
||